Tự lực văn đoàn trong tiến trình văn học dân tộc

Đã lưu trong:
Chi tiết về thư mục
Tác giả chính: Mai Hương (tuyển chọn và biên soạn)
Định dạng: Sách
Ngôn ngữ:Vietnamese
Được phát hành: H. Văn hóa - Thông tin 2000
Những chủ đề:
Các nhãn: Thêm thẻ
Không có thẻ, Là người đầu tiên thẻ bản ghi này!
Thư viện lưu trữ: Mạng thư viện Đại học Đà Nẵng
LEADER 01178nam a2200349 4500
001 000005469
003 1613
005 20110817070859.0
008 110816s2000 viesd
020 |c 64000đ 
041 0 |a vie 
082 |a 895.922  |b MAI 
100 0 |a Mai Hương 
245 0 |a Tự lực văn đoàn trong tiến trình văn học dân tộc  |c Mai Hương tuyển chọn và biên soạn 
260 |a H.  |b Văn hóa - Thông tin  |c 2000 
300 |a 671 tr  |c 21 cm 
653 |a Văn học dân tộc 
653 |a Tự lực văn đoàn 
653 |a lịch sử 
653 |a Phê bình 
700 |a Mai Hương  |e tuyển chọn và biên soạn 
910 |a Nguyễn Thị Kim Oanh  |d 16/08/2011 
OWN |a LSP 
AVA |a UDN50  |b LSP  |d 895.922 MAI  |e available  |t Error 5001 Not defined in file expand_doc_bib_avail.  |f 1  |g 0  |h N  |i 0  |k 1 
999 |a From the UDN01 
AVA |a UDN50  |b LSP  |d 895.922 MAI  |e available  |t Error 5001 Not defined in file expand_doc_bib_avail.  |f 1  |g 0  |h N  |i 0  |k 1 
TYP |a Monograph 
TYP |a Printed language 
980 |a Mạng thư viện Đại học Đà Nẵng